<?xml version="1.0" encoding="UTF-8"?>
<collection xmlns:xsi="http://www.w3.org/2001/XMLSchema-instance" xsi:schemaLocation="http://www.loc.gov/MARC21/slim http://www.loc.gov/standards/marcxml/schema/MARC21slim.xsd" xmlns="http://www.loc.gov/MARC21/slim">
 <record>
  <leader>00000cam a22000003i 4500</leader>
  <controlfield tag="001">UP-1685594773861771804</controlfield>
  <controlfield tag="003">Buklod</controlfield>
  <controlfield tag="005">20230907141917.0</controlfield>
  <controlfield tag="006">a     r    |||| u|</controlfield>
  <controlfield tag="007">ta</controlfield>
  <controlfield tag="008">150420s1999    xx a    r    |000 0|eng d</controlfield>
  <datafield tag="020" ind1=" " ind2=" ">
   <subfield code="a">9717420343</subfield>
  </datafield>
  <datafield tag="035" ind1=" " ind2=" ">
   <subfield code="a">(iLib)UPBAG-00007337943</subfield>
  </datafield>
  <datafield tag="040" ind1=" " ind2=" ">
   <subfield code="a">DML</subfield>
   <subfield code="d">BAG</subfield>
   <subfield code="e">rda</subfield>
  </datafield>
  <datafield tag="041" ind1="0" ind2=" ">
   <subfield code="a">eng</subfield>
  </datafield>
  <datafield tag="090" ind1=" " ind2=" ">
   <subfield code="a">D 1065 A8</subfield>
   <subfield code="b">E97</subfield>
  </datafield>
  <datafield tag="245" ind1="0" ind2="0">
   <subfield code="a">European studies</subfield>
   <subfield code="b">essays by Filipino scholars</subfield>
   <subfield code="c">Vyva Victoria M. Aguirre, editor.</subfield>
  </datafield>
  <datafield tag="246" ind1="3" ind2=" ">
   <subfield code="a">Essays by Filipino scholars.</subfield>
  </datafield>
  <datafield tag="264" ind1=" " ind2="1">
   <subfield code="a">[Quezon City]</subfield>
   <subfield code="b">University of the Philippines, Center for Integrative and Development Studies with the Institute of International Legal Studies.</subfield>
   <subfield code="c">©1999.</subfield>
  </datafield>
  <datafield tag="300" ind1=" " ind2=" ">
   <subfield code="a">xii, 584 pages</subfield>
   <subfield code="b">illustrations</subfield>
   <subfield code="c">23 cm</subfield>
  </datafield>
  <datafield tag="504" ind1=" " ind2=" ">
   <subfield code="a">Includes bibliographical references.</subfield>
  </datafield>
  <datafield tag="505" ind1="0" ind2=" ">
   <subfield code="a">Rizal contra European racism:An Autobiography of José Rizal embedded in Blumentritt's obituary of Rizal /Paul A. Dumol -- From Christianity to modernism and beyond:European influences on Philippine poetry /Eduardo Jose E. Calasanz and Carolina A. Nuñez -- The Jurisdiction of the European court of justice /Alberto T.Muyot,Jr. -- Black letter v.Spirit of the law:A Case of judicial activism? /Vyva Victoria M. Aguirre -- The Challenges of European integration after the cold war /Maria Ela L. Atienza -- EU's&quot;Asia strategy&quot; and security relations with Asia/ Rolando S. Dela Cruz -- Policy-making for the environment:The Case of the European union /Pia C.Bennagen and Ruth R. Lusterion -- European union development asisstance to the year 2000 and beyond:A Theoretical approach /Alfredo C. Robles,Jr -- After ASEM I-towards a new ASEAN-EU cooperation framework agreement /Vyva Victoria M. Aguirre-Understanding EU-ASEAN economic and political relations /Gina Rivas Pattugalan -- The EU's policy response to the financial crisis in Asia /Peter B. Payoyo -- Could a common currency have prevented the crisis in Asia? /Maria CLaret M.Mapalad and Emmanuel S.de Dios -- Parallel importation and the free movement of goods in the European Union:Lessons for the Philippine trade? /Ma.Rowena R. Gonzales -- European multinationals and global sourcing /Gwendolyn R. Tecson -- Post-Maastricht migration of third-country nationals into the European Union and the Filipino Migrant workers' community in Barcelona:Some discordant notes in a growing harmony /Joseph Sedfrey S. Santiago.</subfield>
  </datafield>
  <datafield tag="651" ind1=" " ind2="0">
   <subfield code="a">European Union countries</subfield>
   <subfield code="x">Relations</subfield>
   <subfield code="z">Asia.</subfield>
  </datafield>
  <datafield tag="651" ind1=" " ind2="0">
   <subfield code="a">Asia</subfield>
   <subfield code="x">Relations</subfield>
   <subfield code="z">European Union countries.</subfield>
  </datafield>
  <datafield tag="651" ind1=" " ind2="0">
   <subfield code="a">European Union countries</subfield>
   <subfield code="x">Relations</subfield>
   <subfield code="z">Philippines.</subfield>
  </datafield>
  <datafield tag="651" ind1=" " ind2="0">
   <subfield code="a">Philippines</subfield>
   <subfield code="x">Relations</subfield>
   <subfield code="z">European Union countries.</subfield>
  </datafield>
  <datafield tag="700" ind1="1" ind2=" ">
   <subfield code="a">Aguirre, Vyva Victoria Magsarili</subfield>
   <subfield code="d">1945-.</subfield>
  </datafield>
  <datafield tag="710" ind1="2" ind2=" ">
   <subfield code="a">University of the Philippines (Diliman).</subfield>
   <subfield code="b">Center for Integrative and Development Studies.</subfield>
  </datafield>
  <datafield tag="710" ind1="2" ind2=" ">
   <subfield code="a">University of the Philippines (Diliman).</subfield>
   <subfield code="b">Institute of International Legal Studies.</subfield>
  </datafield>
  <datafield tag="905" ind1=" " ind2=" ">
   <subfield code="a">FI</subfield>
  </datafield>
  <datafield tag="852" ind1="0" ind2=" ">
   <subfield code="a">UPBAG</subfield>
   <subfield code="b">UPBAG-MAIN</subfield>
   <subfield code="h">D 1065 A8</subfield>
   <subfield code="i">E97</subfield>
  </datafield>
  <datafield tag="942" ind1=" " ind2=" ">
   <subfield code="a">Book</subfield>
  </datafield>
 </record>
</collection>
